[Event "HUN-chT Csongrad Region"]
[Site "Hungary"]
[Date "2015.10.11"]
[Round "3.4"]
[White "Gyemant, Karoly"]
[Black "Kovacs, Gyorgy"]
[Result "1-0"]
[WhiteElo "1625"]
[BlackElo "2128"]
[PlyCount "69"]
[EventDate "2015.09.20"]
[EventType "team-tourn"]
[EventRounds "9"]
[EventCountry "HUN"]
[SourceTitle "EXT 2017"]
[Source "ChessBase"]
[SourceDate "2016.10.25"]
[SourceVersion "1"]
[SourceVersionDate "2016.10.25"]
[SourceQuality "1"]

1. e4 c5 2. c4 e6 3. d3 d5 4. b3 Nc6 5. f3 Be7 6. Bb2 Bf6 7. Bxf6 Qxf6 8. Nd2 d4 9. g3 e5 10. Bh3 Nb4 11. Nf1 Qh6 12. Bxc8 Rxc8 13. a3 Na6 14. Qd2 Qb6 15. Rb1 Ne7 16. h4 Ng6 17. h5 Ne7 18. g4 g6 19. hxg6 Nxg6 20. Qh6 Qa5+ 21. Kf2 Qxa3 22. Kg3 Qa2 23. Rd1 Nf4 24. Rh2 Qxb3 25. Rdd2 Nb4 26. Qg7 Ng6 27. Rxh7 Rxh7 28. Qxh7 Nxd3 29. Qg8+ Nf8 30. Rh2 Qd1 31. Rh7 Rc7 32. Rh8 Kd7 33. Qxf7+ Kd6 34. Rh6+ Ne6 35. Rxe6# 1-0